Tunnista elokuva 2 - Statistics

Yleistilastot
  • Tätä visaa on pelattu 196 kertaa
  • Keskiarvotulos 7 / 8
Vastaustilastot
vihje elokuva % Oikein
Nuoren velhon täytyy pelastaa velhomaailma pahalta velholta Harry Potter
97%
Lelut heräävät henkiin Toy Story
95%
Batmanin arkkivihollisen oma elokuva Joker
88%
Verkkopaitainen suomalasmies koheltaa Uuno Turhapuro
88%
Vuokkokala täytyy löytää Nemoa etsimässä / Finding Nemo
83%
Haamumaskinen murhaaja tappaa ihmisiä Scream
70%
Arkeologi pelastaa maailman natseilta Indiana Jones
66%
Apinat hallitsevat tulevaisuuden maapalloa Apinoiden planeetta / Planet of the Apes
65%
Ehtoja vastaavia visoja ei löytynyt
Tulosjakauma
Jokaisen tuloksen saaneiden osuus
Persentiili vastausten määrän mukaan
Tuloshistoriasi
Et ole pelannut tätä visaa